Osmanlı Padişahları - Statistics

General Stats
  • This quiz has been taken 10 429 times
  • The average score is 24 of 36
Answer Stats
Saltanat Tarihi Padişah % Correct
1299-1326 1.Osman
97%
1326-1362 Orhan
93%
1444-1446 2.Mehmed
87%
1512-1520 1.Selim
79%
1520-1566 1.Süleyman
79%
1413-1421 1.Mehmed
75%
1566-1574 2.Selim
75%
1618-1622 2.Osman
74%
1362-1389 1.Murad
73%
1695-1703 2.Mustafa
72%
1918-1922 6.Mehmed
72%
1421-1444 2.Murad
71%
1595-1603 3.Mehmed
70%
1389-1402 1.Bayezid
69%
1574-1595 3.Murad
69%
1623-1640 4.Murad
69%
1909-1918 5.Mehmed
69%
1648-1687 4.Mehmed
68%
1876-1909 2.Abdülhamid
67%
1774-1789 1.Abdülhamid
66%
1789-1807 3.Selim
66%
1481-1512 2.Bayezid
65%
1687-1691 2.Süleyman
62%
1754-1757 3.Osman
61%
1876-1876 5.Murad
61%
1617-1618 1.Mustafa
60%
1603-1617 1.Ahmed
58%
1839-1861 Abdülmecid
58%
1861-1876 Abdülaziz
56%
1691-1695 2.Ahmed
55%
1808-1839 2.Mahmud
55%
1730-1754 1.Mahmud
54%
1757-1774 3.Mustafa
54%
1703-1730 3.Ahmed
53%
1807-1808 4.Mustafa
50%
1640-1648 İbrahim
49%
No matching quizzes found
Score Distribution
Percent of People with Each Score
Percentile by Number Answered
Your Score History
You have not taken this quiz